The one minute manager (Record no. 108255)

MARC details
000 -LEADER
fixed length control field 00608cam a22001935a 4500
001 - CONTROL NUMBER
control field L143707
008 - FIXED-LENGTH DATA ELEMENTS--GENERAL INFORMATION
fixed length control field 080528s2004 xxk f 000 0 eng d
020 ## - INTERNATIONAL STANDARD BOOK NUMBER
International Standard Book Number 9780007107926
035 ## - SYSTEM CONTROL NUMBER
System control number (Sirsi) u143707
041 0# - LANGUAGE CODE
Language code of text/sound track or separate title eng
100 1# - MAIN ENTRY--PERSONAL NAME
Personal name Blanchard, Ken
245 04 - TITLE STATEMENT
Title The one minute manager
Remainder of title increase productivity, profits and your own prosperity
260 ## - PUBLICATION, DISTRIBUTION, ETC.
Place of publication, distribution, etc. London
Name of publisher, distributor, etc. Harper Collins Publishers
Date of publication, distribution, etc. 2004
300 ## - PHYSICAL DESCRIPTION
Extent 111p.
Dimensions 20cm.
520 ## - SUMMARY, ETC.
Summary, etc. Parable-style covers key tactics for increasing ability and effectiveness as a manager.
651 #4 - SUBJECT ADDED ENTRY--GEOGRAPHIC NAME
Geographic name International
700 1# - ADDED ENTRY--PERSONAL NAME
Personal name Johnson, Spencer
942 ## - ADDED ENTRY ELEMENTS (KOHA)
Suppress in OPAC 0
Holdings
Withdrawn status Lost status Source of classification or shelving scheme Damaged status Not for loan Home library Current library Shelving location Date acquired Total Checkouts Full call number Barcode Date last seen Copy number Price effective from Koha item type Date last checked out
    Dewey Decimal Classification     London London Staff library 28/05/2008   STAFF BLAN 30074774 06/08/2019 1 06/08/2019 Book  
    Dewey Decimal Classification     London London Staff library 28/05/2008 2 STAFF BLAN 30074747 06/08/2019 5 06/08/2019 Book 12/01/2012
    Dewey Decimal Classification     London London Staff library 18/06/2012   STAFF BLAN 30077471 06/08/2019 6 06/08/2019 Book